| 000 | 00740nam a22002297i 4500 | ||
|---|---|---|---|
| 003 | URS | ||
| 005 | 20220117094937.0 | ||
| 008 | 170722b xxu||||| |||| 00| 0 eng d | ||
| 040 |
_erda _ccollege _beng |
||
| 050 | 0 | 0 |
_aPS991 _bC875 1975 |
| 100 | 1 |
_aCroghan, Richard V., _eauthor |
|
| 245 | 1 | 0 |
_aThe development of philippine literature in English (since 1900) _cCroghan, Richard V. |
| 264 | 1 |
_aQuezon City: _bPhoenix Publishing House, Incorporated, _c[1975] |
|
| 264 | 4 | _c©1975 | |
| 300 |
_avii, 511 pages: _c26 cm. |
||
| 336 |
_2rdacontent _atext |
||
| 338 |
_2rdacarrier _avolume |
||
| 504 | _aInclude Glossary and Index | ||
| 650 | _2Philippine literature (eng.) | ||
| 650 |
_2History and Criticism _zPhilippines. |
||
| 942 |
_2lcc _cF |
||
| 999 |
_c11942 _d11942 |
||